Fundamental financial accounting concepts / (Record no. 4153)

MARC details
000 -LEADER
fixed length control field 01304cam a22001694a 4500
020 ## - INTERNATIONAL STANDARD BOOK NUMBER
ISBN 0072989432
050 00 - CALL NUMBER
Classification number HF5636
Item number .F86
245 00 - TITLE
Title Fundamental financial accounting concepts /
Statement of responsibility, etc Thomas P. Edmonds ... [et al.].
250 ## - EDITION
Edition statement 5th ed.
260 ## - PUBLICATION INFORMATION
Place of publication Boston, Mass. :
Name of publisher McGraw-Hill Irwin,
Year of publication 2006.
300 ## - DESCRIPTION
Number of Pages xxx, 671 p. :
Other physical details col. ill. ;
Dimensions 29 cm. +
Accompanying material 1 CD-ROM (4 3/4 in.)
500 ## - NOTES
General note Includes index.
505 ## - FORMATTED CONTENTS NOTE
Table of Content An introduction to accounting <br/>Accounting for accruals and deferrals <br/>The double-entry system <br/>Accounting for merchandising businesses <br/>Accounting for inventories <br/>Internal control and accounting for cash <br/>Accounting for receivables <br/>Accounting for long-term operational assets <br/>Accounting for current liabilities and payrol <br/>Accounting for long-term debt <br/>Proprietorships, partnerships, and corporations <br/>Statement of cash flows --<br/>Financial statement analysis 13-0 (online) <br/>Appendix A: Accessing the edgar database through the internet <br/>Appendix B: Portion of the form 10-K for target corporation <br/>Appendix C: Summary of financial radios <br/>Appendix D: Annual report and financial statement analysis projects <br/>Appendix E: Accounting for investment securities <br/>Appendix F: Time value of money
650 #0 - SUBJECTS
Topical Term Accounting.
700 1# - OTHER AUTHORS
Personal name Edmonds, Thomas P.
942 ## - ADDED ENTRY ELEMENTS (KOHA)
Koha item type Books
Holdings
Withdrawn status Lost status Home library Current library Shelving location Date acquired Full call number Accession Number Koha item type
    Methodist University Library Tema Methodist University Library Tema General Stacks 23/04/2008 HF5636 .F86 29793 Books
Copyright © 2026  MUG Library